|
|
|
|
| LEADER |
00000ckm a2200000 a 4500 |
| 001 |
vtls001208455 |
| 003 |
SK-MaSNL |
| 005 |
20260331203254.0 |
| 007 |
kf co |
| 008 |
180703s1990 xo g 0kuslo |
| 015 |
|
|
|a SNBG1990
|
| 035 |
|
|
|a SNK000151525
|
| 040 |
|
|
|a SNK
|b slo
|c SNK
|e AACR2
|
| 041 |
0 |
|
|a slo
|
| 043 |
|
|
|a e-xo---
|
| 044 |
|
|
|a xo
|c SK
|
| 072 |
|
7 |
|a 913
|x Regionálna geografia
|2 konspekt
|
| 080 |
|
|
|a 913(437.6)
|2 2011
|
| 080 |
|
|
|a 904(084.121)
|2 2011
|
| 080 |
|
|
|a 069
|2 2011
|
| 080 |
|
|
|a 728.82
|2 2011
|
| 080 |
|
|
|a 728.222
|2 2011
|
| 100 |
1 |
|
|a Maleček, František,
|d 1926-
|4 pht
|9 61427
|
| 245 |
1 |
0 |
|a Pezinok
|h grafika
|b foto: F. Maleček, P. Paul, M. Šn ; grafický návrh: Ľ. Rázusová
|
| 246 |
1 |
|
|i Názov na obrazovej časti:
|a Pezinok
|
| 260 |
|
|
|a Bratislava
|b ČSTK-Pressfoto
|c 1990
|e Skalica
|f Grafobal
|
| 300 |
|
|
|a 1 pohľadnica (4 čiastkové pohľady)
|b farebná
|c 11 x 15 cm
|
| 500 |
|
|
|a Na adresnej časti uvedené: "Mestečko s vinohradníckou tradíciou na úpätí Malých Karpát."
|
| 500 |
|
|
|a Na adresnej časti je tretí autor v poradí vytlačený chybne: "M. Šn"
|
| 520 |
8 |
|
|a Zobrazenie: Štyri čiastkové pohľady, každý v bielom orámovaní, všetky spolu v striebornom orámovaní. Vpravo je vodorovne medzi pohľadmi bielym písmom na červenom podklade názov. Pohľad na Mestské múzeum. Vpravo sú pred ním mladé listnaté stromy v rade vedľa seba. Vpravo pod nimi parkuje jedno auto. Pohľad na trojposchodovú budovu vpravo v pozadí. Vpravo pred ňou parkujú autá. V popredí je trávnatá plocha ohraničená živým plotom a listnatými stromami. Vľavo za živým plotom vidno niekoľko ľudí. Pohľad na Pezinský zámok. Pred ním sú vľavo aj vpravo vysoké ihličnaté stromy. Pohľad na vysoké bytové domy vľavo v pozadí. Vpravo v popredí je za cestou nízka budova. Vpravo je pred ňou mladý listnatý strom. Vľavo v pozadí vidno tri autobusy parkovať na okraji cesty. V popredí je kvetinový záhon na trávnatej ploche. Vľavo je za ním autobusová zastávka
|
| 610 |
1 |
7 |
|a Pezinok (Slovensko : kaštieľ)
|2 SNKKA
|9 172759
|
| 610 |
2 |
7 |
|a Mestské múzeum v Pezinku
|2 SNKKA
|9 36118
|
| 650 |
0 |
7 |
|a múzeá
|2 SNKPH
|9 4119
|
| 650 |
0 |
7 |
|a zámky
|2 SNKPH
|9 3041
|
| 650 |
0 |
7 |
|a bytové domy
|2 SNKPH
|9 31781
|
| 650 |
0 |
7 |
|a kultúrne pamiatky
|2 SNKPH
|9 2862
|
| 650 |
0 |
7 |
|a historické pamiatky
|2 SNKPH
|9 75346
|
| 651 |
|
7 |
|a Pezinok (Slovensko)
|2 SNKPHgeo
|9 15835
|
| 655 |
|
7 |
|a pohľadnice kultúrnych pamiatok
|2 SNKPH
|9 70523
|
| 655 |
|
7 |
|a miestne pohľadnice
|2 SNKPH
|9 70510
|
| 700 |
1 |
|
|a Paul, P.
|c (fotograf)
|4 pht
|9 60489
|
| 700 |
1 |
|
|a Šmátrala, Milan
|c (fotograf)
|4 pht
|9 164919
|
| 700 |
1 |
|
|a Rázusová, Ľubica
|c (grafička)
|4 art
|9 283298
|
| 958 |
|
|
|a GBN
|
| 958 |
|
|
|a GC
|
| 958 |
|
|
|a OND
|
| 999 |
|
|
|c 1024478
|d 1026408
|
| 952 |
|
|
|a SNK
|b SNK
|y PREZ
|7 0
|p 17A1289427
|o snkSP 144264
|i snk6010/90
|0 0
|1 0
|4 0
|d 2021-10-19
|f 1
|l 0
|r 2026-02-24 13:34:55
|w 2026-02-24
|
| 952 |
|
|
|a SNK
|b SNK
|y PREZ
|7 0
|p 17A1289426
|o snkSP 144264 D1
|i snk6011/90
|0 0
|1 0
|4 0
|d 2021-10-19
|l 0
|r 2026-02-24 13:34:55
|w 2026-02-24
|